Accounting (Record no. 2378)
[ view plain ]
| 000 -LEADER | |
|---|---|
| fixed length control field | 01631nam a2200157 4500 |
| 020 ## - INTERNATIONAL STANDARD BOOK NUMBER | |
| ISBN | 0324381875 |
| 050 ## - CALL NUMBER | |
| Classification number | HF 5635 |
| Item number | .W25 |
| 100 ## - AUTHOR | |
| Personal name | Carl S. Warren |
| 110 ## - AUTHOR | |
| CORPORATE AUTHOR | James M. Reeve, Jonathan E. Duchac |
| 245 ## - TITLE | |
| Title | Accounting |
| 250 ## - EDITION | |
| Edition statement | Instructor's edition |
| 260 ## - PUBLICATION INFORMATION | |
| Place of publication | United State of America |
| Name of publisher | Thomson South - Western |
| Year of publication | 2007 |
| 300 ## - DESCRIPTION | |
| Number of Pages | xxi, 1176 pg |
| 505 ## - FORMATTED CONTENTS NOTE | |
| Table of Content | Introduction to accounting and business --<br/>Analyzing transactions --<br/>The adjusting process --<br/>Completing the accounting cycle --<br/>Accounting systems --<br/>Accounting for merchandising businesses --<br/>Inventories --<br/>Sarbanes-Oxley, internal control, and cash --<br/>Receivables --<br/>Fixed assets and intangible assets --<br/>Current liabilities and payroll --<br/>Accounting for partnerships and limited liability companies --<br/>Corporations : organization, stock transactions, and dividends --<br/>Income taxes, unusual income items, and investments in stocks --<br/>Bonds payable and investments in bonds --<br/>Statement of cash flows --<br/>Financial statement analysis --<br/>Managerial accounting concepts and principles --<br/>Job order costing --<br/>Process cost systems --<br/>Cost behavior and cost-volume-profit analysis --<br/>Budgeting --<br/>Performance evaluation using variances from standard costs --<br/>Performance evalutation for decentralized operations --<br/>Differential analysis and product pricing --<br/>Capital investment analysis --<br/>Appendix A : Interest tables --<br/>Appendix B : Reversing entries --<br/>Appendix C : End-of-period spreadsheet (work sheet) for a merchandising business --<br/>Appendix D : The Williams-Sonoma, Inc. 2005 annual report --<br/>Glossary. |
| 942 ## - ADDED ENTRY ELEMENTS (KOHA) | |
| Koha item type | Books |
| Withdrawn status | Lost status | Collection code | Home library | Current library | Shelving location | Date acquired | Full call number | Accession Number | Koha item type |
|---|---|---|---|---|---|---|---|---|---|
| Reference | Methodist University Library Main | Methodist University Library Main | General Stacks | 01/06/2013 | HF 5635 .W25 | 37874 | Books |